000 00645nam a22002051 4500
001 bimo0001732307
003 OSt
005 20140131092553.0
008 010710s1967 sp spa
040 _cBMC
082 _a980
100 1 0 _aClissold, Stephen,‏
_912616
_d1790-1863‏
245 1 0 _aPerfil cultural de Latinoamérica
_cStephen Clissold ; traducción de J. M. García de la Mora
260 0 _aBarcelona
_bLabor
_c1967
300 _a125 p.
_c19 cm
490 0 _aNueva Colección Labor
_v51
651 2 4 _912626
_aAmérica latina
_xCivilización
700 1 _aGarcía de la Mora, José Manuel
_912617
942 _2ddc
_cBK
999 _c6525
_d6525